000 01128nam a2200265Ia 4500
003 OSt
005 20221005103946.0
006 a|||||r|||| 00| 0
007 ta
008 221004b |||||||| |||| 00| 0 hin d
020 _a8179170942 (hbk)
_c375
024 _a4011
037 _bBR6652, 24/01/2013, Rajkamal Prakashan Pvt. Ltd.
_cTextual
040 _aCRL
_cCRL
_bhin
041 _2hin
_ahin
082 _aV1z7, 152P7
100 _aवुड, इलेन मिकसिन्स, संपा.
_9165740
245 0 _aइतिहास के पक्ष में
_b मार्क्सवाद और उत्तरआधुनिक एजेंडा
246 _aItihās ke pakṣha mean: mārksavād aur uttaraādhunik ejeanḍā
260 _aदिल्ली
_bग्रंथ शिल्पी भारत
_c2007
300 _a228पृ0
_ccm.
650 _aविश्व-इतिहास
942 _hV1z7, 152P7
_cTEXL
_2cc
999 _c1011385
_d1011385